[Event "Championnat de France - Accession"]
[Site "Aix-les-Bains"]
[Date "2007.??.??"]
[Round "5.14"]
[White "Moussard, Jules"]
[Black "Lerch, Patrice"]
[Result "1/2-1/2"]
[WhiteElo "2239"]
[BlackElo "2301"]
[PlyCount "96"]
[EventDate "2007.??.??"]

1. e4 c5 2. Nf3 Nc6 3. d4 cxd4 4. Nxd4 g6 5. c4 Bg7 6. Be3 Nf6 7. Nc3 O-O 8.
Be2 b6 9. O-O Bb7 10. f3 Qb8 11. Qd2 Rd8 12. Rfd1 d6 13. a3 Rd7 14. b4 Qf8 15.
Nxc6 Bxc6 16. Rac1 e6 17. Nb5 Rad8 18. Nxa7 Rxa7 19. Bxb6 Rad7 20. b5 Ba8 21.
Bxd8 Qxd8 22. Qe3 e5 23. c5 dxc5 24. Qxc5 Bf8 25. Qxe5 Bxa3 26. Ra1 Bb7 27. Qc3
Qb6+ 28. Kh1 Be7 29. Qe5 Qd8 30. Rac1 Bd6 31. Qc3 Bb8 32. Rxd7 Nxd7 33. g3 Qb6
34. Rd1 Nc5 35. Qd4 Bc7 36. Bc4 g5 37. Bd5 Qxb5 38. Qf6 Bxd5 39. Qxg5+ Kf8 40.
Qxd5 Bb6 41. Qd6+ Kg8 42. Qb8+ Kg7 43. Qe5+ Kg8 44. Ra1 Qc6 45. Rb1 Ne6 46.
Qb8+ Bd8 47. Rd1 Qc7 48. Qxc7 Bxc7 1/2-1/2

[Event "Championnat de France - Accession"]
[Site "Aix-les-Bains"]
[Date "2007.??.??"]
[Round "5.15"]
[White "Houriez, Clement"]
[Black "Van Elst, Andreas"]
[Result "0-1"]
[WhiteElo "2181"]
[BlackElo "2294"]
[PlyCount "72"]
[EventDate "2007.??.??"]

1. e4 c5 2. Nf3 e6 3. b3 d6 4. Bb2 Nf6 5. e5 dxe5 6. Nxe5 Be7 7. f4 O-O 8. Bd3
Qc7 9. Qf3 Nbd7 10. O-O Rd8 11. Na3 Nf8 12. Nac4 Nd5 13. Qg3 Bf6 14. a4 b6 15.
Rae1 Bb7 16. f5 exf5 17. Bxf5 Ng6 18. Qg4 Re8 19. Nd3 Bxb2 20. Ncxb2 Nf6 21.
Qh3 Qd6 22. Nc4 Qd4+ 23. Kh1 Nf4 24. Nxf4 Qxf4 25. Ne3 Qg5 26. Qg3 Qxg3 27.
hxg3 Ba6 28. d3 Re5 29. Kg1 Rae8 30. Kf2 g6 31. Bh3 Kg7 32. Re2 Nd5 33. Rfe1
Nc3 34. Rd2 f5 35. Kf3 Bb7+ 36. Kf2 Kf6 0-1

[Event "Championnat de France - Accession"]
[Site "Aix-les-Bains"]
[Date "2007.??.??"]
[Round "5.18"]
[White "Moucheroud, Jeremy"]
[Black "Saucey, Michel"]
[Result "1-0"]
[WhiteElo "1982"]
[BlackElo "2347"]
[PlyCount "69"]
[EventDate "2007.??.??"]

1. e4 c5 2. Nf3 Nc6 3. d4 cxd4 4. Nxd4 g6 5. c4 Nf6 6. Nc3 d6 7. Be2 Nxd4 8.
Qxd4 Bg7 9. O-O O-O 10. Qd1 Be6 11. Be3 Qa5 12. Rc1 Rfc8 13. b3 a6 14. a4 Nd7
15. Bd2 Qd8 16. Kh1 Nc5 17. Qc2 a5 18. f4 f5 19. exf5 Bxf5 20. Qd1 Nd3 21. Bxd3
Bxd3 22. Re1 Bf5 23. Qe2 e5 24. Qf3 Kh8 25. Nb5 Rc6 26. Bc3 Qe7 27. Qd5 Be6 28.
Qd2 b6 29. fxe5 dxe5 30. Bxe5 Bxe5 31. Rxe5 Qf6 32. Qe3 Rf8 33. Nd4 Rd6 34.
Nxe6 Qf1+ 35. Qg1 1-0

[Event "Championnat de France - Accession"]
[Site "Aix-les-Bains"]
[Date "2007.??.??"]
[Round "5.26"]
[White "Adda, Olivier"]
[Black "Veron, Cyprien"]
[Result "0-1"]
[WhiteElo "2221"]
[BlackElo "2121"]
[PlyCount "52"]
[EventDate "2007.??.??"]

1. d4 d5 2. c4 c6 3. Nc3 Nf6 4. Nf3 e6 5. Bg5 dxc4 6. e4 b5 7. a4 Qb6 8. axb5
cxb5 9. Ne5 Nfd7 10. Be3 Bb7 11. d5 Bc5 12. Nxd7 Nxd7 13. dxe6 fxe6 14. Qh5+ g6
15. Bxc5 Nxc5 16. Qh4 O-O 17. Be2 b4 18. Na4 Qa6 19. O-O Nxa4 20. b3 Nc3 21.
Rxa6 Nxe2+ 22. Kh1 Bxa6 23. Qg4 Nd4 24. e5 c3 25. Rd1 Be2 26. Qxd4 Bxd1 0-1

[Event "Championnat de France - Accession"]
[Site "Aix-les-Bains"]
[Date "2007.??.??"]
[Round "5.30"]
[White "Houard, Yannick"]
[Black "Letreguilly, Olivier"]
[Result "0-1"]
[WhiteElo "2151"]
[BlackElo "2360"]
[PlyCount "46"]
[EventDate "2007.??.??"]

1. e4 c5 2. Nf3 e6 3. d4 cxd4 4. Nxd4 Nc6 5. Nb5 d6 6. Bf4 e5 7. Be3 a6 8. N5c3
Nf6 9. Bg5 Be6 10. Bxf6 Qxf6 11. Nd5 Qd8 12. Nbc3 Rc8 13. a4 Be7 14. Bd3 O-O
15. O-O Bg5 16. Bc4 Kh8 17. Re1 Nd4 18. Bd3 Rc5 19. Ne3 Bxe3 20. Rxe3 Nc6 21.
Qh5 g6 22. Qh6 Ne7 23. Rd1 Ng8 0-1

[Event "Championnat de France - Accession"]
[Site "Aix-les-Bains"]
[Date "2007.??.??"]
[Round "6.1"]
[White "Vitoux, Colomban"]
[Black "Robin, Samy"]
[Result "1-0"]
[WhiteElo "2343"]
[BlackElo "2321"]
[PlyCount "69"]
[EventDate "2007.??.??"]

1. e4 e5 2. Nf3 Nc6 3. d4 exd4 4. Nxd4 Bc5 5. Be3 Qf6 6. c3 Nge7 7. g3 d6 8.
Bg2 Bb6 9. O-O Be6 10. Na3 d5 11. Nxe6 fxe6 12. exd5 exd5 13. Bxb6 axb6 14.
Bxd5 O-O-O 15. Qg4+ Kb8 16. Bg2 h5 17. Qf3 Qxf3 18. Bxf3 Ne5 19. Bg2 Rd2 20. f4
Nd3 21. Nc4 Re2 22. Bf3 Re6 23. Rad1 Nc5 24. Ne5 Nc6 25. Bd5 Ree8 26. Nxc6+
bxc6 27. Bxc6 Re6 28. Bf3 Re3 29. Kf2 Rd3 30. b4 Rxd1 31. Rxd1 Na4 32. Bc6 Nb2
33. Rd4 h4 34. b5 h3 35. Ke2 1-0

[Event "Championnat de France - Accession"]
[Site "Aix-les-Bains"]
[Date "2007.??.??"]
[Round "6.2"]
[White "Terrieux, Kevin"]
[Black "Jolly, Jean-Francois"]
[Result "1/2-1/2"]
[WhiteElo "2331"]
[BlackElo "2315"]
[PlyCount "37"]
[EventDate "2007.??.??"]

1. e4 c5 2. Nf3 e6 3. d4 cxd4 4. Nxd4 a6 5. Bd3 Bc5 6. Nb3 Ba7 7. Qg4 Nf6 8.
Qg3 d6 9. Bg5 b5 10. e5 h6 11. Bxf6 gxf6 12. exd6 Bb7 13. Nc3 f5 14. Bxf5 exf5
15. Qe5+ Kd7 16. Qxf5+ Ke8 17. Qe5+ Kd7 18. Qf5+ Ke8 19. Qe5+ 1/2-1/2

[Event "Championnat de France - Accession"]
[Site "Aix-les-Bains"]
[Date "2007.??.??"]
[Round "6.3"]
[White "Shirazi, Kamran"]
[Black "Olivier, Jean-Christophe"]
[Result "0-1"]
[WhiteElo "2401"]
[BlackElo "2403"]
[PlyCount "68"]
[EventDate "2007.??.??"]

1. e4 e5 2. Nc3 Nf6 3. f4 d5 4. exd5 Nxd5 5. fxe5 Nxc3 6. bxc3 Qh4+ 7. Ke2 Qe4+
8. Kf2 Qxe5 9. Nf3 Qa5 10. Qe1+ Be7 11. d4 Nc6 12. Bd3 Bf5 13. c4 Nb4 14. Be4
Bg6 15. a3 Qa4 16. axb4 Qxa1 17. Bxb7 Rd8 18. Bf4 Qxe1+ 19. Rxe1 Kf8 20. c3 Bd6
21. Be3 f6 22. c5 Be7 23. d5 Be4 24. c4 Bxf3 25. Kxf3 Rb8 26. c6 Bxb4 27. Rb1
Bd6 28. Bxa7 Re8 29. c5 Be5 30. Rd1 Ke7 31. Re1 Kf7 32. d6 cxd6 33. cxd6 Bxd6
34. Rd1 Bc7 0-1

[Event "Championnat de France - Accession"]
[Site "Aix-les-Bains"]
[Date "2007.??.??"]
[Round "6.4"]
[White "Collas, Didier"]
[Black "Therkildsen, Thomas"]
[Result "1/2-1/2"]
[WhiteElo "2458"]
[BlackElo "2310"]
[PlyCount "120"]
[EventDate "2007.??.??"]

1. e4 Nf6 2. e5 Nd5 3. d4 d6 4. Nf3 dxe5 5. Nxe5 g6 6. Bc4 c6 7. O-O Bg7 8. Nd2
Be6 9. Ne4 Nc7 10. Be2 Bxe5 11. dxe5 Qd5 12. Qxd5 cxd5 13. Nc5 Bc8 14. Nb3 b6
15. Re1 Nc6 16. f4 Ba6 17. Bd1 O-O-O 18. c3 Ne6 19. Bf3 Bc4 20. g3 Bxb3 21.
axb3 a5 22. Rd1 Nc7 23. Be3 Kb7 24. Kf2 e6 25. Be2 Rd7 26. g4 Rhd8 27. Bd4 Ra8
28. Ke3 Na6 29. Bd3 Nxd4 30. Kxd4 Nc5 31. Bc2 Rh8 32. h3 h5 33. Rh1 Rdd8 34.
Ke3 Nd7 35. Kd4 Nb8 36. Ke3 Nc6 37. Rad1 g5 38. Kf3 Rdg8 39. Rde1 Kc7 40. Kg3
Rg7 41. Rhf1 hxg4 42. hxg4 gxf4+ 43. Rxf4 Rf8 44. Rf6 Kd8 45. Rh6 Rfg8 46. Bd1
Ne7 47. Rh5 Rg5 48. Reh1 R5g7 49. Kf4 Ng6+ 50. Ke3 Ke7 51. Rf1 Nf8 52. Kf4 Nd7
53. g5 Nb8 54. Be2 Rc8 55. Rd1 Nc6 56. Bb5 Na7 57. Bd3 Rd8 58. Be2 Nc6 59. Bb5
Na7 60. Be2 Nc6 1/2-1/2

[Event "Championnat de France - Accession"]
[Site "Aix-les-Bains"]
[Date "2007.??.??"]
[Round "6.5"]
[White "Van Elst, Andreas"]
[Black "Cossin, Sebastien"]
[Result "0-1"]
[WhiteElo "2294"]
[BlackElo "2433"]
[PlyCount "80"]
[EventDate "2007.??.??"]

1. d4 Nf6 2. c4 g6 3. Nc3 Bg7 4. e4 d6 5. Nf3 O-O 6. Be2 e5 7. O-O Nc6 8. d5
Ne7 9. Ne1 Nd7 10. Be3 f5 11. f3 f4 12. Bf2 g5 13. Rc1 Rf6 14. c5 dxc5 15. Nd3
Bf8 16. Nxc5 Nxc5 17. Bxc5 Nf5 18. Bf2 Nd6 19. Nb5 Nxb5 20. Bxb5 Bd6 21. Bc5
Rg6 22. h3 h5 23. Be2 Rg7 24. Rc3 Kh8 25. Qc2 Bd7 26. Rc1 Qf6 27. Bxd6 cxd6 28.
Rc7 Rag8 29. Qb3 g4 30. fxg4 hxg4 31. hxg4 Bxg4 32. Bxg4 Rxg4 33. Qh3+ Rh4 34.
R1c3 Rgg4 35. Rc8+ Kh7 36. Qd3 Rg3 37. Qe2 Qh6 38. R3c7+ Kg6 39. Rg8+ Kf6 40.
Rxg3 Rh1+ 0-1

[Event "Championnat de France - Accession"]
[Site "Aix-les-Bains"]
[Date "2007.??.??"]
[Round "6.6"]
[White "Benitah, Yohan"]
[Black "Bedouin, Xavier"]
[Result "0-1"]
[WhiteElo "2421"]
[BlackElo "2357"]
[PlyCount "130"]
[EventDate "2007.??.??"]

1. d4 Nf6 2. c4 g6 3. Nc3 d5 4. Bg5 Bg7 5. Nf3 Ne4 6. cxd5 Nxg5 7. Nxg5 e6 8.
Qd2 exd5 9. Qe3+ Kf8 10. Qf4 Bf6 11. h4 h6 12. Nf3 Be6 13. O-O-O c6 14. e3 Nd7
15. Bd3 Kg7 16. g4 Qb8 17. Rdg1 Be7 18. Nd2 Qxf4 19. exf4 Nb6 20. f5 Bd7 21.
fxg6 fxg6 22. f4 Raf8 23. Ne2 Bd6 24. f5 Be8 25. Kc2 Rhg8 26. Nf1 gxf5 27. Ne3
Bd7 28. gxf5+ Kh8 29. b3 Nc8 30. Rg6 Rxg6 31. fxg6 Rf3 32. Rg1 Kg7 33. Rf1 Rxf1
34. Nxf1 h5 35. Neg3 Bg4 36. Bf5 Bxf5+ 37. Nxf5+ Kxg6 38. N5e3 Ne7 39. Kd3 Nf5
40. Ng2 Be7 41. Nf4+ Kh6 42. a4 Bxh4 43. Ne6 Bf6 44. Nh2 Kg6 45. b4 Nd6 46. Nc5
a6 47. Nb3 Kf5 48. Ke3 Bg5+ 49. Kf3 Bf4 50. Nf1 h4 51. Nc5 h3 52. a5 h2 53. Kg2
Kg4 54. Ne6 h1=Q+ 55. Kxh1 Kf3 56. Kg1 Be3+ 57. Kh1 Ke4 58. Kg2 Bxd4 59. Ng3+
Kd3 60. Kf3 Bc3 61. b5 cxb5 62. Nf1 d4 63. Kf4 Bxa5 64. Ke5 Nc4+ 65. Kf4 Bb6
0-1

[Event "Championnat de France - Accession"]
[Site "Aix-les-Bains"]
[Date "2007.??.??"]
[Round "6.7"]
[White "Gregoire, Sylvain"]
[Black "Rainfray, Arnaud"]
[Result "0-1"]
[WhiteElo "2261"]
[BlackElo "2393"]
[PlyCount "57"]
[EventDate "2007.??.??"]

1. d4 d5 2. c4 e6 3. Nf3 Nf6 4. Nc3 c5 5. cxd5 exd5 6. Bg5 Be7 7. e3 Nc6 8. Bd3
Bg4 9. dxc5 O-O 10. Bxf6 Bxf6 11. Nxd5 Bxb2 12. Rb1 Bd4 13. Nf4 Bc3+ 14. Kf1
Ne5 15. Bxh7+ Kxh7 16. Qc2+ Ng6 17. Nxg6 fxg6 18. Qxc3 Bxf3 19. gxf3 Rxf3 20.
h4 Qd5 21. h5 gxh5 22. Qd4 Qf5 23. Rxb7 Rxf2+ 24. Ke1 Rg2 25. Qf4 Qxf4 26. exf4
Kh6 27. a4 Rc8 28. Rb5 Ra2 29. Rh4 0-1

[Event "Championnat de France - Accession"]
[Site "Aix-les-Bains"]
[Date "????.??.??"]
[Round "6.8"]
[White "Chomet, Pascal"]
[Black "Fayard, Alain"]
[Result "1/2-1/2"]
[WhiteElo "2353"]
[BlackElo "2305"]
[PlyCount "130"]

1. e4 c5 2. Nf3 d6 3. d4 cxd4 4. Nxd4 Nf6 5. Nc3 Nc6 6. Bc4 Qb6 7. Nb3 e6 8.
O-O Be7 9. Bg5 Bd7 10. Kh1 Ne5 11. Bd3 Rc8 12. Qe2 O-O 13. f4 Nxd3 14. cxd3 Kh8
15. e5 Ng4 16. Ne4 Bxg5 17. Nxg5 Nh6 18. Rac1 Kg8 19. Rc3 a5 20. Nf3 a4 21.
Nbd4 Rc5 22. Rfc1 Rfc8 23. a3 Rxc3 24. bxc3 Qc5 25. Qf2 b6 26. h3 f6 27. exf6
gxf6 28. c4 e5 29. fxe5 dxe5 30. Qd2 Nf7 31. Nc2 Bf5 32. Nb4 Rd8 33. Nd5 Kg7
34. Rf1 Bg6 35. Nh4 Qxa3 36. Qf2 Qd6 37. Nxf6 Qxd3 38. Ng4 Qd6 39. Nf6 Qe6 40.
Nd5 Rd6 41. Qg3 Kf8 42. Qa3 Kg7 43. Qxa4 Be4 44. Qa3 Bg6 45. Qg3 Kf8 46. Rf6
Qxf6 47. Nxf6 Rxf6 48. Qe3 Rc6 49. Nf3 Re6 50. Nd4 Rf6 51. Nb5 Rc6 52. Kh2 Kg7
53. Qb3 Be4 54. Na7 Rg6 55. g3 Ng5 56. g4 Rh6 57. Nc8 Rxh3+ 58. Qxh3 Nxh3 59.
Kxh3 Kf6 60. Kh4 Bc6 61. Nxb6 e4 62. Nc8 Ke6 63. Kg3 Ke5 64. Ne7 Ba8 65. Nf5 h5
1/2-1/2

[Event "Championnat de France - Accession"]
[Site "Aix-les-Bains"]
[Date "2007.??.??"]
[Round "6.9"]
[White "Rouler, Charly"]
[Black "Vernay, Clovis"]
[Result "1/2-1/2"]
[WhiteElo "2284"]
[BlackElo "2381"]
[PlyCount "117"]
[EventDate "2007.??.??"]

1. d4 d5 2. c4 c6 3. e3 Nf6 4. Nc3 e6 5. Nf3 Nbd7 6. Qc2 Bd6 7. b3 O-O 8. Be2
Re8 9. O-O h6 10. Rd1 Qe7 11. Bb2 dxc4 12. Bxc4 e5 13. dxe5 Nxe5 14. Nxe5 Qxe5
15. g3 Qe7 16. Be2 Bh3 17. Bf3 Rad8 18. Rd4 Be5 19. Rxd8 Qxd8 20. Rd1 Qc8 21.
Na4 Bxb2 22. Nxb2 Bg4 23. Bxg4 Qxg4 24. Kg2 Qh5 25. Nc4 Ne4 26. h4 Qf5 27. Qe2
Nc3 28. Qd3 Qxd3 29. Rxd3 Nxa2 30. Rd7 b5 31. Na5 Ra8 32. Nxc6 a5 33. Rd5 a4
34. Rxb5 Nc3 35. bxa4 Nxb5 36. axb5 Ra2 37. g4 Rb2 38. Nd4 Kf8 39. Kg3 Ke7 40.
Kf3 Kf6 41. Kg3 Ke5 42. Nf5 h5 43. Nxg7 hxg4 44. h5 f5 45. h6 Rxb5 46. h7 Rb8
47. Kh4 Rh8 48. Kg5 Rxh7 49. Nxf5 Rh8 50. Nh6 Ke4 51. Nxg4 Rg8+ 52. Kh5 Kf3 53.
Nf6 Rg1 54. Kh6 Kxf2 55. e4 Kf3 56. e5 Kf4 57. e6 Re1 58. e7 Rxe7 59. Nd5+
1/2-1/2

[Event "Championnat de France - Accession"]
[Site "Aix-les-Bains"]
[Date "????.??.??"]
[Round "6.10"]
[White "Mancini, Mario"]
[Black "Fargere, Francois"]
[Result "1/2-1/2"]
[WhiteElo "2230"]
[BlackElo "2339"]
[PlyCount "120"]

1. d4 d5 2. c4 c6 3. Nf3 Nf6 4. Nc3 dxc4 5. a4 Bf5 6. Ne5 Nbd7 7. Nxc4 Nb6 8.
Ne5 a5 9. f3 Nfd7 10. Nxd7 Nxd7 11. e4 Bg6 12. Be3 e6 13. Bc4 Bb4 14. O-O Qe7
15. Kh1 O-O 16. Qb3 Rab8 17. Rfd1 Bd6 18. Rac1 Rfd8 19. Ne2 e5 20. d5 Nc5 21.
Qc2 Rbc8 22. Nc3 Kh8 23. dxc6 bxc6 24. Ne2 Rb8 25. h3 f6 26. Rd2 Be8 27. Ba2
Ne6 28. Qc4 Bf7 29. Qxc6 Bb4 30. Rdd1 Rxd1+ 31. Rxd1 Nd8 32. Qc2 Bxa2 33. b3
Bxb3 34. Qxb3 Ne6 35. Rd5 Rc8 36. Qd3 Qe8 37. Qb5 Qg8 38. Bb6 Rc2 39. Qd3 Rd2
40. Qa6 Ra2 41. Qb5 Qf7 42. Ng3 Qg6 43. Qc4 Rb2 44. Ne2 h5 45. Be3 Rb1+ 46. Kh2
Re1 47. Bf2 Ra1 48. Rb5 Qe8 49. Rb6 Nf8 50. Rb7 Rxa4 51. Qc7 Qg6 52. Rb8 Kh7
53. Qc2 Ra3 54. Bc5 Ne6 55. Bxb4 axb4 56. Rxb4 Nf4 57. Nxf4 exf4 58. Qf2 Qg5
59. h4 Qa5 60. Rb2 Ra1 {et nulle au 66e coup.} 1/2-1/2

[Event "Championnat de France - Accession"]
[Site "Aix-les-Bains"]
[Date "2007.??.??"]
[Round "6.11"]
[White "Riff, Vincent"]
[Black "Blum, Nicolas"]
[Result "1/2-1/2"]
[WhiteElo "2308"]
[BlackElo "2166"]
[PlyCount "63"]
[EventDate "2007.??.??"]

1. e4 c6 2. Nc3 d5 3. Nf3 Bg4 4. h3 Bxf3 5. Qxf3 Nf6 6. d3 e6 7. a3 Bc5 8. g3
O-O 9. Bg2 Nbd7 10. O-O a5 11. Qe2 Bd4 12. Nb1 dxe4 13. dxe4 Qc7 14. Kh2 e5 15.
Nd2 a4 16. Nc4 b5 17. Ne3 Nb6 18. Nf5 Bc5 19. Bg5 Ne8 20. Rad1 f6 21. Bc1 Nd6
22. Qg4 Nxf5 23. Qxf5 Rad8 24. f4 Nc4 25. Qe6+ Kh8 26. Rxd8 Rxd8 27. Rd1 h6 28.
Bf3 Ne3 29. Bxe3 Bxe3 30. f5 Rxd1 31. Qe8+ Kh7 32. Qg6+ 1/2-1/2

[Event "Championnat de France - Accession"]
[Site "Aix-les-Bains"]
[Date "2007.??.??"]
[Round "6.12"]
[White "Lerch, Patrice"]
[Black "Demuth, Adrien"]
[Result "1/2-1/2"]
[WhiteElo "2301"]
[BlackElo "2193"]
[PlyCount "48"]
[EventDate "2007.??.??"]

1. e4 e5 2. Bc4 Nf6 3. d3 Nc6 4. Nf3 Be7 5. O-O O-O 6. Bb3 d6 7. c3 d5 8. exd5
Nxd5 9. h3 Bf5 10. Re1 Bf6 11. Na3 Re8 12. Ba4 Nb6 13. Bxc6 bxc6 14. d4 exd4
15. cxd4 Rxe1+ 16. Qxe1 Bxd4 17. Bg5 Bf6 18. Rd1 Nd5 19. Bxf6 Qxf6 20. Qe5 Qxe5
21. Nxe5 Nb4 22. Nac4 Nxa2 23. Nxc6 Be6 24. N4a5 g6 1/2-1/2

[Event "Championnat de France - Accession"]
[Site "Aix-les-Bains"]
[Date "2007.??.??"]
[Round "6.13"]
[White "Schabanel, Stephane"]
[Black "Moussard, Jules"]
[Result "0-1"]
[WhiteElo "2280"]
[BlackElo "2239"]
[PlyCount "46"]
[EventDate "2007.??.??"]

1. e4 c5 2. Nf3 d6 3. d4 cxd4 4. Nxd4 Nf6 5. Nc3 a6 6. Bg5 Nc6 7. Qd2 Qb6 8.
Bxf6 gxf6 9. Nb3 e6 10. O-O-O Bd7 11. f4 O-O-O 12. Be2 h5 13. h4 Kb8 14. Rh3
Be7 15. Rd3 Nb4 16. Re3 Rc8 17. Kb1 a5 18. Nd4 Rc5 19. a3 Na6 20. a4 Nb4 21.
Bb5 Bc8 22. Nce2 e5 23. fxe5 dxe5 0-1

[Event "Championnat de France - Accession"]
[Site "Aix-les-Bains"]
[Date "2007.??.??"]
[Round "6.14"]
[White "Guilleux, Fabien"]
[Black "Duquesnoy, Jean-Philippe"]
[Result "1-0"]
[WhiteElo "2203"]
[BlackElo "2268"]
[PlyCount "63"]
[EventDate "2007.??.??"]

1. Nf3 Nf6 2. c4 g6 3. Nc3 d5 4. Qa4+ Bd7 5. Qb3 dxc4 6. Qxc4 a6 7. e4 b5 8.
Qe2 c5 9. e5 Nh5 10. d4 Nc6 11. d5 Nd4 12. Nxd4 cxd4 13. Ne4 Bf5 14. g4 Qxd5
15. gxf5 Qxe5 16. Bg2 Rc8 17. Ng3 Nf4 18. Qxe5 Nd3+ 19. Ke2 Nxe5 20. Be4 Bg7
21. Bf4 Nc4 22. Rac1 O-O 23. b3 e5 24. fxe6 fxe6 25. bxc4 bxc4 26. Bd6 d3+ 27.
Kf1 Rfd8 28. Bb7 Rxd6 29. Bxc8 d2 30. Rd1 c3 31. Ke2 Bh6 32. Ne4 1-0

[Event "Championnat de France - Accession"]
[Site "Aix-les-Bains"]
[Date "2007.??.??"]
[Round "6.15"]
[White "Riff, Jean-Noel"]
[Black "Moucheroud, Jeremy"]
[Result "1-0"]
[WhiteElo "2460"]
[BlackElo "1982"]
[PlyCount "61"]
[EventDate "2007.??.??"]

1. e4 c5 2. Nf3 Nc6 3. Bb5 d6 4. O-O Bd7 5. Re1 Nf6 6. c3 a6 7. Bf1 Bg4 8. d3
g6 9. Nbd2 Bg7 10. h3 Bxf3 11. Nxf3 O-O 12. Bg5 Nd7 13. Qd2 b5 14. d4 cxd4 15.
cxd4 Re8 16. a4 bxa4 17. Rxa4 Qb6 18. Be3 Qb7 19. Rea1 Ncb8 20. Rb4 Qc7 21. Rc1
Qd8 22. d5 Bf8 23. Rb7 e6 24. dxe6 fxe6 25. Bc4 Kh8 26. Bg5 Qc8 27. Bd5 Nc5 28.
Bf6+ Kg8 29. Ng5 Nbd7 30. Nxe6 Nxf6 31. Nxf8+ 1-0

[Event "Championnat de France - Accession"]
[Site "Aix-les-Bains"]
[Date "2007.??.??"]
[Round "6.16"]
[White "Bujisho, Benjamin"]
[Black "Lagarde, Maxime"]
[Result "1/2-1/2"]
[WhiteElo "2384"]
[BlackElo "2200"]
[PlyCount "67"]
[EventDate "2007.??.??"]

1. e4 c5 2. Nc3 a6 3. Nge2 d6 4. d4 cxd4 5. Nxd4 Nf6 6. Bg5 e6 7. f4 Nc6 8. Nf3
Qb6 9. Qd2 Be7 10. O-O-O O-O 11. e5 dxe5 12. fxe5 Nd5 13. Nxd5 exd5 14. Bxe7
Nxe7 15. Bd3 h6 16. Qf4 Be6 17. Rhe1 Rac8 18. g4 Qa5 19. a3 Ng6 20. Qg3 Qa4 21.
Bxg6 fxg6 22. Nd4 Bxg4 23. Rd2 Bf5 24. Nxf5 gxf5 25. e6 f4 26. Qg4 Rf6 27. e7
Re8 28. Rxd5 Qc6 29. Rd8 f3 30. Qh5 Rf7 31. Qh4 Kh7 32. Rxe8 Qxe8 33. Qe4+ Kh8
34. Qe3 1/2-1/2

[Event "Championnat de France - Accession"]
[Site "Aix-les-Bains"]
[Date "2007.??.??"]
[Round "6.32"]
[White "Remille, Tristan"]
[Black "Lalau, Alexandre"]
[Result "1-0"]
[WhiteElo "2182"]
[BlackElo "2113"]
[PlyCount "33"]
[EventDate "2007.??.??"]

1. e4 c5 2. Nf3 e6 3. d4 cxd4 4. Nxd4 a6 5. Nc3 Qc7 6. Bd3 Nc6 7. Nxc6 dxc6 8.
f4 e5 9. f5 Bc5 10. Qg4 Ne7 11. Qxg7 Rg8 12. Qxh7 Rxg2 13. Bc4 Ng8 14. h4 b5
15. Bb3 Qa7 16. Bg5 Bf2+ 17. Kf1 1-0

[Event "Championnat de France - Accession"]
[Site "Aix-les-Bains"]
[Date "2007.??.??"]
[Round "6.36"]
[White "Blanc, Sebastien"]
[Black "Houard, Yannick"]
[Result "1/2-1/2"]
[WhiteElo "2141"]
[BlackElo "2151"]
[PlyCount "29"]
[EventDate "2007.??.??"]

1. e4 e6 2. Nc3 d5 3. Nf3 Nf6 4. e5 Nfd7 5. d4 c5 6. dxc5 Nxc5 7. Nd4 Nc6 8. f4
a6 9. Be3 Be7 10. Qd2 Bd7 11. O-O-O Qa5 12. Kb1 Nxd4 13. Bxd4 Na4 14. Nxa4 Qxd2
15. Rxd2 1/2-1/2

[Event "Championnat de France - Accession"]
[Site "Aix-les-Bains"]
[Date "????.??.??"]
[Round "7.1"]
[White "Rainfray, Arnaud"]
[Black "Vitoux, Colomban"]
[Result "1/2-1/2"]
[WhiteElo "2393"]
[BlackElo "2343"]
[PlyCount "107"]

1. e4 c5 2. Nf3 Nc6 3. Bb5 g6 4. O-O Bg7 5. Re1 e5 6. c3 Nge7 7. d4 cxd4 8.
cxd4 Nxd4 9. Nxd4 exd4 10. e5 O-O 11. Qxd4 Nf5 12. Qa4 d6 13. exd6 Nxd6 14. Bf1
Bd7 15. Qb4 Nf5 16. Rd1 a5 17. Qf4 Qe8 18. Nc3 Bc6 19. Bd3 Rd8 20. Bf1 Rxd1 21.
Nxd1 Be5 22. Qg4 Qe6 23. Ne3 Nxe3 24. Qxe6 fxe6 25. Bxe3 Bd5 26. a4 Bxb2 27.
Rb1 Bc3 28. Rc1 Bb4 29. Bb5 Bd6 30. Bb6 Ra8 31. h4 Kf7 32. Rc3 Be5 33. Rc2 Kf6
34. g3 h6 35. f4 Bd6 36. Bd4+ Kf7 37. Kf2 Rg8 38. Ke3 Ke7 39. Be5 g5 40. Bxd6+
Kxd6 41. fxg5 hxg5 42. h5 Rf8 43. Be2 Bb3 44. Rb2 Bxa4 45. Rxb7 Bc2 46. Rg7 Ra8
47. Bf3 Rb8 48. Rxg5 e5 49. Kd2 Bb1 50. Bd1 Ra8 51. Ba4 Ke6 52. Rg7 Kf6 53. Rc7
Kg5 54. Rc5 1/2-1/2

[Event "Championnat de France - Accession"]
[Site "Aix-les-Bains"]
[Date "2007.??.??"]
[Round "7.2"]
[White "Bedouin, Xavier"]
[Black "Robin, Samy"]
[Result "1-0"]
[WhiteElo "2357"]
[BlackElo "2321"]
[PlyCount "59"]
[EventDate "2007.??.??"]

1. e4 e5 2. Nf3 Nc6 3. d4 exd4 4. Nxd4 Nf6 5. Nxc6 bxc6 6. e5 Qe7 7. Qe2 Nd5 8.
c4 Ba6 9. b3 g5 10. g3 Bg7 11. Bb2 O-O-O 12. Nd2 Nb4 13. Nf3 c5 14. Bg2 Bb7 15.
O-O d6 16. a3 Nc6 17. b4 dxe5 18. bxc5 f6 19. Rab1 Qxc5 20. Bc3 Ba6 21. Bh3+
Rd7 22. Rfd1 Rhd8 23. Qd3 Nd4 24. Nxd4 exd4 25. Qxd4 f5 26. Qxc5 Rxd1+ 27. Kg2
Bb7+ 28. Rxb7 Kxb7 29. Qb5+ Ka8 30. Bxf5 1-0

[Event "Championnat de France - Accession"]
[Site "Aix-les-Bains"]
[Date "????.??.??"]
[Round "7.3"]
[White "Cossin, Sebastien"]
[Black "Terrieux, Kevin"]
[Result "1/2-1/2"]
[WhiteElo "2433"]
[BlackElo "2331"]
[PlyCount "109"]

1. d4 Nf6 2. c4 e6 3. Nc3 Bb4 4. e3 c5 5. Nge2 b6 6. a3 Ba5 7. Rb1 Na6 8. Qa4
Qe7 9. dxc5 Nxc5 10. Qc2 Bxc3+ 11. Nxc3 Bb7 12. b4 Nce4 13. Nd1 h6 14. f3 Ng5
15. Bd3 d6 16. O-O O-O 17. Bb2 Ngh7 18. e4 Rfd8 19. Ne3 Nf8 20. Rf2 Rac8 21.
Qb3 N8d7 22. Rd1 Rc7 23. Bf1 Rcc8 24. Rfd2 Ne8 25. Ba1 Bc6 26. Ng4 h5 27. Nf2
a5 28. f4 axb4 29. axb4 Ra8 30. Ra2 Rxa2 31. Qxa2 Ra8 32. Qe2 h4 33. Bc3 e5 34.
f5 Ndf6 35. b5 Bb7 36. Ra1 Rxa1 37. Bxa1 Qd8 38. Bc3 Qa8 39. Qe3 Nd7 40. h3 Nc5
41. Be1 Nf6 42. Ng4 Nxg4 43. hxg4 Bxe4 44. Bxh4 Qa1 45. Kf2 Qb2+ 46. Kg3 Qb1
47. Be2 f6 48. Kh2 Qb3 49. Bf2 Qxe3 50. Bxe3 g5 51. fxg6 Kg7 52. Bf3 Bxg6 53.
Kg3 Bd3 54. Bd5 Kg6 55. Kh4 1/2-1/2

[Event "Championnat de France - Accession"]
[Site "Aix-les-Bains"]
[Date "2007.??.??"]
[Round "7.4"]
[White "Olivier, Jean-Christophe"]
[Black "Jolly, Jean-Francois"]
[Result "0-1"]
[WhiteElo "2403"]
[BlackElo "2315"]
[PlyCount "112"]
[EventDate "2007.??.??"]

1. e4 c5 2. Nf3 d6 3. d4 cxd4 4. Nxd4 Nf6 5. Nc3 a6 6. Bc4 e6 7. Bb3 b5 8. O-O
Be7 9. Qf3 Qc7 10. Re1 O-O 11. Qg3 b4 12. Na4 Bd7 13. Bh6 Ne8 14. c3 Qa5 15.
cxb4 Qxb4 16. Nc2 Qb7 17. Be3 Bxa4 18. Bxa4 Qxe4 19. Bd4 Qh4 20. Qb3 Nc7 21.
Qb7 Bd8 22. b4 a5 23. b5 Nd7 24. b6 Rb8 25. Qc6 Nd5 26. Qxd7 Bxb6 27. g3 Qg4
28. Rad1 Rfd8 29. Qb5 Nc3 30. Qd3 Nxa4 31. Re4 Qf5 32. Ne3 Qh5 33. Rg4 e5 34.
Ba1 Bxe3 35. Rxa4 Bb6 36. Bc3 Ra8 37. Rb1 Bc5 38. Rxa5 Qg6 39. Rxa8 Rxa8 40.
Qxg6 hxg6 41. Rb2 g5 42. Bd2 g4 43. Be3 Bxe3 44. fxe3 Kf8 45. Rb4 Rxa2 46. Rxg4
Re2 47. e4 f6 48. h3 Kf7 49. Kf1 Rd2 50. Ke1 Rd4 51. Ke2 d5 52. exd5 Rxg4 53.
hxg4 Ke7 54. g5 fxg5 55. Kf3 Kd6 56. Ke4 g4 0-1

[Event "Championnat de France - Accession"]
[Site "Aix-les-Bains"]
[Date "2007.??.??"]
[Round "7.5"]
[White "Moussard, Jules"]
[Black "Collas, Didier"]
[Result "1/2-1/2"]
[WhiteElo "2239"]
[BlackElo "2458"]
[PlyCount "39"]
[EventDate "2007.??.??"]

1. e4 c5 2. Nf3 d6 3. d4 cxd4 4. Nxd4 Nf6 5. Nc3 a6 6. Be3 Ng4 7. Bg5 h6 8. Bh4
g5 9. Bg3 Bg7 10. Be2 h5 11. Bxg4 hxg4 12. Nf5 Bxf5 13. exf5 Qa5 14. O-O Bxc3
15. bxc3 Qxf5 16. Re1 Qd7 17. Qxd6 Qxd6 18. Bxd6 Nc6 19. Rab1 Rd8 20. Bxe7
1/2-1/2